|
|
|
|
| LEADER |
00000nab a2200000 a 4500 |
| 001 |
vtls008988062 |
| 003 |
SK-MaSNL |
| 005 |
20260304020425.0 |
| 008 |
140512c20070428xo dr|p|||||||000 b|slo |
| 015 |
|
|
|a SNBRB2007/05
|2 snkbucl
|
| 038 |
|
|
|a SNKBUCL
|
| 040 |
|
|
|a SNKBUCL
|b slo
|c SNKBUCL
|e AACR2
|
| 041 |
|
|
|a slo
|
| 044 |
|
|
|a xo
|c SK
|
| 080 |
|
|
|a 792.079
|2 1997
|
| 100 |
1 |
|
|a Vargová-Hábovčíková, Bohuslava,
|d 1951-2015
|4 aut
|9 104836
|
| 245 |
1 |
0 |
|a Aké bolo stretnutie s malou Táliou
|c Bohuslava Vargová-Hábovčíková
|
| 300 |
|
|
|b Fotogr.
|
| 611 |
2 |
7 |
|a Stretnutia s malou Táliou
|n (10. :
|d 2007 :
|c Pezinok, Slovensko)
|2 snkbucl
|9 1298021
|
| 651 |
|
7 |
|a Pezinok (Slovensko)
|2 snkbucl
|9 15835
|
| 773 |
0 |
|
|t Sme. Práca
|g Roč. 15, č. 98 (28.4.2007)
|x 1335-440X
|
| 773 |
0 |
|
|t Kultúra
|g S. 16
|
| 852 |
|
|
|a SNK
|b KIS3GCP
|
| 958 |
|
|
|a SK
|
| 999 |
|
|
|c 2598708
|d 2600638
|